| 000 | 02814cpcaa2200505 a 4500 | ||
|---|---|---|---|
| 001 | mm2012085769 | ||
| 003 | DLC | ||
| 005 | 20260227111733.0 | ||
| 007 | cr ||||||||||| | ||
| 008 | 121210|||||||||||| eng | ||
| 010 | _amm2012085769 | ||
| 040 |
_aDLC _edacs _cDLC _dDLC |
||
| 072 | 7 |
_aW _2lcmd |
|
| 100 | 1 |
_aHackett, Nathaniel D. _q(Nathaniel Davis), _d1839-1923. |
|
| 245 | 0 | 0 |
_aNathaniel D. Hackett correspondence, _f1853-1947 _g(bulk 1861-1899). |
| 300 |
_a400 _fitems. |
||
| 300 |
_a4 _fcontainers. |
||
| 300 |
_a1.4 _flinear feet. |
||
| 506 | 0 | _aOpen to research. | |
| 520 | 8 | _aChiefly correspondence received from family and friends at home during Hackett's Civil War service in Company M, 1st Wisconsin Heavy Artillery Regiment, describing daily life including news of family and friends, courtships, funerals, and illnesses as well as reactions to the war and historic events such as the assassination of President Abraham Lincoln. Hackett's correspondence depicts camp life and includes his impressions of Washington, D.C., in 1864. Includes correspondence of Hackett's daughters, Edith Hackett Cramer, Carrie Fern Hackett, and Millicent Hackett Maloney, chiefly from the 1890s. Pertains to home life, their work as public school teachers, and current events. | |
| 545 | 0 | _aUnion Army soldier. Also known as Davis Hackett. | |
| 546 | _aCollection material in English. | ||
| 555 | 8 |
_aFinding aid available in the Library of Congress Manuscript Reading Room and at _uhttp://hdl.loc.gov/loc.mss/eadmss.ms013031 |
|
| 600 | 1 | 0 |
_aCramer, Edith Hackett, _d1874-1964 _vCorrespondence. |
| 600 | 1 | 0 |
_aHackett, Carrie Fern, _d1878- _vCorrespondence. |
| 600 | 1 | 0 |
_aLincoln, Abraham, _d1809-1865 _xAssassination. |
| 600 | 1 | 0 |
_aMaloney, Millicent Hackett, _d1870-1934 _vCorrespondence. |
| 600 | 3 | 0 | _aHackett family. |
| 610 | 1 | 0 |
_aUnited States. _bArmy _xMilitary life. |
| 610 | 1 | 0 |
_aUnited States. _bArmy. _bWisconsin Heavy Artillery Regiment, 1st (1861-1865). _bCompany M. |
| 650 | 0 |
_aEducation _zUnited States. |
|
| 650 | 0 |
_aPublic schools _zUnited States. |
|
| 651 | 0 |
_aUnited States _xHistory _yCivil War, 1861-1865. |
|
| 651 | 0 |
_aUnited States _xHistory _y1865-1921. |
|
| 651 | 0 |
_aUnited States _xSocial life and customs. |
|
| 651 | 0 |
_aWashington (D.C.) _xHistory _yCivil War, 1861-1865. |
|
| 651 | 0 |
_aWisconsin _xHistory _yCivil War, 1861-1865. |
|
| 651 | 0 |
_aWisconsin _xHistory _y19th century. |
|
| 651 | 0 |
_aWisconsin _xSocial life and customs. |
|
| 656 | 7 |
_aSoldiers. _2itoamc |
|
| 856 | 4 |
_3Finding aid _uhttp://hdl.loc.gov/loc.mss/eadmss.ms013031 |
|
| 856 | 4 |
_3Finding aid (PDF) _uhttp://hdl.loc.gov/loc.mss/eadmss.ms013031.3 |
|
| 999 |
_c44897 _d44897 |
||